000 00763nam a2200169 a 4500
008 120416s2004 ||||||||||||||||| || u
050 _aUNCTAD(02)
100 _aKapoor, Promila
245 1 0 _aProtecting and promoting traditional knowledge: systems, national experiences and international dimensions
_cedited by Sophia Twarog and Promila Kapoor
260 _aNew York:
_bUnited Nations
_c2004
300 _axx, 400p.: ill.
350 _a0.00
650 _aTRADITIONAL ECOLOGICAL KNWOLEDGE
700 _aTwarog, Sophia
710 _aUnited Nations Conference on Trade and Development (UNCTAD)
995 _D0.00
_FCBU-MAIN LIBRARY (Kitwe)
_H1
_I0.00
_M1
_UAVAILABLE
_WMar 29, 2010
_ZInternational Publications
999 _c55175
_d55175